| 000 | 00871cam a2200205 4500 | ||
|---|---|---|---|
| 008 | 000000n2000 000 0 eng u | ||
| 035 | _a(Sirsi) u104746 | ||
| 245 | _aR V TANDRIDGE DC EX PARTE MOHAMED AL FAYED | ||
| 260 | _C2000 | ||
| 490 |
_aProperty, Planning and Compensation Reports _v[2000] 79 PPCR 227-237(11) |
||
| 520 | _aQBD 14 January 1999. Town and country planning - Erection of radio telephone base station - Planning permission granted - Application to quash - Whether health concerns fully investigated - Whether realistic possibility that appropriate investigations might have led to different result. | ||
| 600 | _aMOBILE PHONE MASTS | ||
| 650 | _aMOBILE PHONES | ||
| 650 | _aHEALTH AND SAFETY EXECUTIVE | ||
| 650 | _aRADIATION | ||
| 650 | _aELECTROMAGNETIC FIELDS | ||
| 650 | _aPLANNING | ||
| 690 |
_aHealth and safety _96244 |
||
| 942 | _n0 | ||
| 999 |
_c62837 _d62837 |
||